Early Cold War Trivia Quiz - Statistics

General Stats
  • This quiz has been taken 38 times
  • The average score is 12 of 15
Answer Stats
Question Answer % Correct
How Many Hungarians Fled To Austria During The Hungarian Uprising? 200,000
100%
What Method Did Truman Use Against Communism Containment
100%
Who Was The Cuban PM During The Cuban Missile Crisis? Fidel Castro
100%
What Does I.C.B.M Stand For Inter-Continental Ballistic Missile
100%
What Plan Secured Capitalism In Western Europe? Marshall Plan
100%
What Ideology Evolved Into Communism? Marxism
100%
What Was Meant By M.A.D? Mutually Assured Destruction
100%
Who Lead The USSR Before Stalin Vladimir Lenin
100%
Who Lead The USSR After Stalin? Khrushchev
67%
Which Of These Countries Wasn't Capitalist? North Vietnam
67%
Why Wasn't N.A.T.O Formed? To Develop The Research On The Atomic And Hydrogen Bomb
67%
What Was The Name Of The Combined French, British And American German Territories? Trizonia
67%
Which Of These Countries Wasn't Part Of The Warsaw Pact? Ukraine
67%
What Relation Did Harry Truman Have To Franklin Roosevelt? Vice President
67%
What Was The Name Of The Second Conference? Yalta
33%
No matching quizzes found
Score Distribution
Percent of People with Each Score
Percentile by Number Answered
Your Score History
You have not taken this quiz